Mosby's guide to nursing diagnosis revised reprint with 2021-2023 NANDO-1 update (Record no. 2620)

MARC details
000 -LEADER
fixed length control field 00461nam a22001577a 4500
008 - FIXED-LENGTH DATA ELEMENTS--GENERAL INFORMATION
fixed length control field 250324b |||||||| |||| 00| 0 eng d
020 ## - INTERNATIONAL STANDARD BOOK NUMBER
ISBN 9780323875110
100 ## - MAIN ENTRY--AUTHOR
Author Ladwig Gail B.
245 ## - TITLE STATEMENT
Title Mosby's guide to nursing diagnosis revised reprint with 2021-2023 NANDO-1 update
250 ## - EDITION STATEMENT
Edition statement 6th
260 ## - PUBLICATION, DISTRIBUTION, ETC. (IMPRINT)
Place of publication Missouri
Name of publisher Elsevier
Date of publication 2022
300 ## - COLLATION
Pagination xv,931p
650 ## - TRACINGS
Main Subject Nursing diagnosis method
Subdivision (1st) Patient care planning
942 ## - ADDED ENTRY ELEMENTS (KOHA)
Item type Books
050 ## - LIBRARY OF CONGRESS CALL NUMBER
Classification number RT48.6
Item number .L33
Holdings
Source of classification or shelving scheme Not for loan Permanent location Current location Date acquired Accession No. Full call number Barcode. Koha item type
Library of Congress Classification   Medical Library Medical Library 03/24/2025 2024/64246 RT48.6.L33 2025-0908 Books